|
|
|
|
| LEADER |
02211nam a2200457 a 4500 |
| 001 |
000706377 |
| 003 |
CZ BrMZK |
| 005 |
20241113132047.0 |
| 007 |
ta |
| 008 |
040217s2004 xr a e p 000 0 cze d |
| 015 |
|
|
|a cnb001302835
|
| 020 |
|
|
|a 80-248-0530-8
|q (brož.)
|
| 020 |
|
|
|a 978-80-248-0530-6
|q (dotisk :
|q brož.)
|
| 035 |
|
|
|a (OCoLC)56872324
|
| 040 |
|
|
|a BOA001
|b cze
|
| 072 |
|
7 |
|a 33
|x Ekonomie
|2 Konspekt
|9 4
|
| 072 |
|
7 |
|a 37.016
|x Učební osnovy. Vyučovací předměty. Učebnice
|2 Konspekt
|9 22
|
| 080 |
|
|
|a 330.101.541
|2 MRF
|
| 080 |
|
|
|a (075.8)
|2 MRF
|
| 100 |
1 |
|
|a Jurečka, Václav,
|d 1943-
|7 jn20001227410
|4 aut
|
| 245 |
1 |
0 |
|a Makroekonomie :
|b základní kurs /
|c Václav Jurečka, Ivana Jánošíková a kolektiv
|
| 250 |
|
|
|a 1. vyd.
|
| 260 |
|
|
|a Ostrava :
|b Vysoká škola báňská - Technická univerzita,
|c 2004
|
| 300 |
|
|
|a [14], 299 s. :
|b il. ;
|c 30 cm
|
| 500 |
|
|
|a 1000 výt.
|
| 500 |
|
|
|a Dotisk 2009
|
| 504 |
|
|
|a Obsahuje bibliografii
|
| 521 |
|
|
|a Určeno pro posluchače 1. ročníku EkF
|
| 650 |
0 |
7 |
|a makroekonomie
|7 ph115205
|2 czenas
|
| 655 |
|
7 |
|a učebnice vysokých škol
|7 fd133772
|2 czenas
|
| 700 |
1 |
|
|a Jánošíková, Ivana,
|d 1963-
|7 mzk2004217592
|4 aut
|
| 856 |
4 |
1 |
|u http://www.digitalniknihovna.cz/mzk/uuid/uuid:484bbca0-1e1f-11e4-8f64-005056827e52
|y Digitalizovaný dokument
|x NDK
|
| 910 |
|
|
|a BOA001
|b 3-1129.949
|
| 990 |
|
|
|a BK
|
| 996 |
6 |
|
|b 2610212503
|c 3-1129.949
|l MZK
|r Sklad / do 1 hodiny
|n 4
|p p.v.
|w 000706377
|u 000010
|a 1
|e BOA001
|j MZK50
|s P
|
| 996 |
7 |
|
|b 2610214601
|c 3-1129.949
|l MZK
|r Sklad / do 1 hodiny
|n 53
|p kup
|w 000706377
|u 000020
|a 1
|e BOA001
|j MZK50
|s A
|
| 996 |
7 |
|
|b 2610240210
|c 3-1129.949
|l MZK
|r Sklad / do 1 hodiny
|n 56
|p p.v. dotisk 2004
|w 000706377
|u 000040
|a 1
|e BOA001
|j MZK50
|s A
|
| 996 |
7 |
|
|b 2610299457
|c 3-1129.949
|l MZK
|r Sklad / do 1 hodiny
|n 33
|p p.v.; dotisk 2006
|w 000706377
|u 000050
|a 1
|e BOA001
|j MZK50
|s A
|
| 996 |
7 |
|
|b 2610323833
|c 3-1129.949
|l MZK
|r Sklad / do 1 hodiny
|n 33
|p p.v. dotisk 2007
|w 000706377
|u 000060
|a 1
|e BOA001
|j MZK50
|s A
|
| 996 |
7 |
|
|b 2610339888
|c 3-1129.949
|l MZK
|r Sklad / do 1 hodiny
|n 38
|p p.v.
|w 000706377
|u 000070
|a 1
|e BOA001
|j MZK50
|s A
|
| 996 |
7 |
|
|b 2610985742
|c 3-1129.949
|l MZK
|r Sklad / do 1 hodiny
|n 0
|p dar
|w 000706377
|u 000080
|a 1
|e BOA001
|j MZK50
|s A
|